Statistics for Indian States with ALTERNATING Vowels and Consonants in their names

Click here to take the quiz!

General Stats

  • This quiz has been taken 16 times
  • The average score is 4 of 5

Answer Stats

LettersSTATE% Correct
7Gujarat
88%
6Kerala
81%
7Manipur
81%
7Mizoram
75%
5Bihar
63%

Score Distribution

Percentile by Number Answered

Percent of People with Each Score

Your Score History

You have not taken this quiz